• 首页
  • 本馆介绍
  • 公告通知
  • 最新文献
  • 馆藏检索
  • 电子资源
  • 读者导购
  • 参考咨询
  • 我的图书馆
  • 登录
  • 详细信息显示
  • 放入我的书架
  • 预约/预借图书
  • 作者相关作品
  • 分类相关作品
  • 丛书相关作品
  • 出版社相关作品

书目信息

  • 表格格式
  • 工作单格式
  • 卡片格式
题名:
張雨集
    
 
作者: 張雨, 撰 ;吴迪 点校
分册:  
出版信息: 杭州   浙江人民美術出版社  2019.12
页数: 52, 549页
开本: 21cm
丛书名: 藝術文獻集成
单 册:
中图分类: I222.747 , I264.7
科图分类:
主题词: 古典诗歌--gu dian shi ge--诗集--中国--元代 , 古典散文--gu dian san wen--散文集--中国--元代
电子资源:
ISBN: 978-7-5340-7494-3
000 01217nam 2200337 450
001 CAL 003911621
005 20230217093111.0
010    @a978-7-5340-7494-3@dCNY89.80
100    @a20200401d2019 em y0chiy0120 ea
101 0  @achi
102    @aCN@b330000
105    @ay z 000zy
106    @ar
200 1  @a張雨集@Azhang yu ji@f(元) 張雨
210    @a杭州@c浙江人民美術出版社@d2019.12
215    @a52, 549页@d21cm
225 2  @a藝術文獻集成@Ayi shu wen xian ji cheng
314    @a版权页题: 吳迪點校
330    @a“艺术文献集成”搜集中国古代艺术方面的经典原著, 以可靠的版本为底本, 并予以重新校点整理, 本书即是其中的一种。是元代艺术家张雨的诗文集, 是《张雨集》首次点校整理出版。以《贞居先生诗集》 (七卷) 为底本。搜集外诗文二十余篇, 是《张雨集》一个较完备整理本。
410  0 @12001 @a藝術文獻集成
518 1  @a张雨集
606 0  @a古典诗歌@Agu dian shi ge@x诗集@y中国@z元代
606 0  @a古典散文@Agu dian san wen@x散文集@y中国@z元代
690    @aI222.747@v5
690    @aI264.7@v5
701  0 @a張雨,@Azhang yu@f元代@4撰
702  0 @a吴迪@Awu di@4点校
730 1  @a張雨@Azhang yu@4撰
730 1  @a吳迪@Ayu di@4點校
801  0 @aCN@bBJXHZP@c20230228
905    @b1399664-7@dI222.747@e860@f4
    
    張雨集/(元) 張雨.-杭州:浙江人民美術出版社,2019.12
    52, 549页;21cm.-(藝術文獻集成)
    
    
    ISBN 978-7-5340-7494-3:CNY89.80
    “艺术文献集成”搜集中国古代艺术方面的经典原著, 以可靠的版本为底本, 并予以重新校点整理, 本书即是其中的一种。是元代艺术家张雨的诗文集, 是《张雨集》首次点校整理出版。以《贞居先生诗集》 (七卷) 为底本。搜集外诗文二十余篇, 是《张雨集》一个较完备整理本。
●
相关链接 在E读中查询图书 在五车中查询图书 在当当中查询图书 在豆瓣中查询图书


正题名:張雨集     索取号:I222.747/860         预约/预借

序号 登录号 条形码 馆藏地/架位号 状态 备注
1 1399664   213996648   第一样本阅览室/ [索取号:I222.747/860] 在馆    
2 1399665   213996657   第二借阅区/ [索取号:I222.747/860] 在馆    
3 1399666   213996666   第二借阅区/ [索取号:I222.747/860] 在馆    
4 1399667   213996675   第二借阅区/ [索取号:I222.747/860] 在馆    
唐山师范学院图书馆 欢迎您!
大连网信软件有限公司© 版权所有